00970cam a2200241 450000100060000000300080000600500170001400800390003103500190007004000410008904100080013008200190013810000450015724501200020225000120032226000370033430000750037150400640044665100410051094200120055199900170056395201480058025117BD-RjUL20211209050831.0140316s1965 le abc b 001 0 eng a(BD-RjUL)25186 aDLCbengcODaWUdOCoLCdDLCdBD-RjUL aeng04a953.6222bABH1 aAbu-Hakima, Ahmad Mustafa,d1932-97729010aHistory of eastern Arabia, 1750-1800 :bthe rise and development of Bahrain and Kuwait /c Ahmad Mustafa,Abu-Hakima a1st ed. aBeirut, Lebanon:bKhayatsc1965. axix, 213 p., [6] p. of leaves :bgeneal. tables, maps, port. ;c23 cm. aIncludes bibliographical references (p. 201-208) and index. 0aPersian Gulf StatesxHistory.977291 2ddccBK c25117d25117 00102ddc40728NFICaRUCLbRUCLcReadingd1970-10-28esweets & zeithingerg76.00l0o953.6 ABH 1965r2014-03-16 00:00:00tC-1w2014-03-16yBK